<La> reivindicació de més igualtat, salaris, ocupació i pensions marca l'1 de Maig a Lleida (Record no. 42116)
[ view plain ]
| 000 -LEADER | |
|---|---|
| campo de control de longitud fija | 01312nam a2200397Ia 4500 |
| 001 - NÚMERO DE CONTROL | |
| campo de control | 052386 |
| 008 - DATOS DE LONGITUD FIJA--INFORMACIÓN GENERAL | |
| campo de control de longitud fija | 221003m2018 xx 000 0 cat d |
| 035 ## - NÚMERO DE CONTROL DEL SISTEMA | |
| Número de control de sistema | CENDO_42117 |
| 041 ## - CÓDIGO DE IDIOMA | |
| Código de lengua del texto/banda sonora o título independiente | cat |
| 245 #0 - MENCIÓN DEL TÍTULO | |
| Título | <La> reivindicació de més igualtat, salaris, ocupació i pensions marca l'1 de Maig a Lleida |
| 260 ## - PUBLICACIÓN, DISTRIBUCIÓN, ETC. | |
| Lugar de publicación, distribución, etc. | Lleida : |
| Nombre del editor, distribuidor, etc. | Unió Comarcal de les Terres de Lleida, |
| Fecha de publicación, distribución, etc. | 2018 |
| 300 ## - DESCRIPCIÓN FÍSICA | |
| Extensión | 1 p. ; |
| Dimensiones | 30 cm |
| 500 ## - NOTA GENERAL | |
| Nota general | En: Lo Sindicat, n. 139 (mayo 2018), p. 4 |
| 650 ## - PUNTO DE ACCESO ADICIONAL DE MATERIA--TÉRMINO DE MATERIA | |
| Término de materia o nombre geográfico como elemento de entrada | MOVIMIENTO OBRERO |
| 9 (RLIN) | 970 |
| 650 #0 - PUNTO DE ACCESO ADICIONAL DE MATERIA--TÉRMINO DE MATERIA | |
| Término de materia o nombre geográfico como elemento de entrada | DIA INTERNACIONAL DE LOS TRABAJADORES |
| 9 (RLIN) | 39791 |
| 650 #0 - PUNTO DE ACCESO ADICIONAL DE MATERIA--TÉRMINO DE MATERIA | |
| Término de materia o nombre geográfico como elemento de entrada | DERECHOS DE LOS TRABAJADORES |
| 9 (RLIN) | 4 |
| 650 ## - PUNTO DE ACCESO ADICIONAL DE MATERIA--TÉRMINO DE MATERIA | |
| Término de materia o nombre geográfico como elemento de entrada | IGUALDAD DE DERECHOS |
| 9 (RLIN) | 1832 |
| 650 ## - PUNTO DE ACCESO ADICIONAL DE MATERIA--TÉRMINO DE MATERIA | |
| Término de materia o nombre geográfico como elemento de entrada | PRESTACIONES DE VEJEZ |
| 9 (RLIN) | 348 |
| 650 ## - PUNTO DE ACCESO ADICIONAL DE MATERIA--TÉRMINO DE MATERIA | |
| Término de materia o nombre geográfico como elemento de entrada | SALARIO |
| 9 (RLIN) | 71 |
| 650 ## - PUNTO DE ACCESO ADICIONAL DE MATERIA--TÉRMINO DE MATERIA | |
| Término de materia o nombre geográfico como elemento de entrada | POLITICA DE EMPLEO |
| 9 (RLIN) | 112 |
| 650 #0 - PUNTO DE ACCESO ADICIONAL DE MATERIA--TÉRMINO DE MATERIA | |
| Término de materia o nombre geográfico como elemento de entrada | IGUALDAD DE REMUNERACION |
| 9 (RLIN) | 402 |
| 650 ## - PUNTO DE ACCESO ADICIONAL DE MATERIA--TÉRMINO DE MATERIA | |
| Término de materia o nombre geográfico como elemento de entrada | CLASE TRABAJADORA |
| 9 (RLIN) | 385 |
| 650 ## - PUNTO DE ACCESO ADICIONAL DE MATERIA--TÉRMINO DE MATERIA | |
| Término de materia o nombre geográfico como elemento de entrada | SINDICALISMO |
| 9 (RLIN) | 189 |
| 650 #0 - PUNTO DE ACCESO ADICIONAL DE MATERIA--TÉRMINO DE MATERIA | |
| Término de materia o nombre geográfico como elemento de entrada | COMUNIDADES AUTONOMAS |
| 9 (RLIN) | 344 |
| 650 ## - PUNTO DE ACCESO ADICIONAL DE MATERIA--TÉRMINO DE MATERIA | |
| Término de materia o nombre geográfico como elemento de entrada | CATALUÑA |
| 9 (RLIN) | 539 |
| 650 #0 - PUNTO DE ACCESO ADICIONAL DE MATERIA--TÉRMINO DE MATERIA | |
| Término de materia o nombre geográfico como elemento de entrada | ACTITUD SINDICAL |
| 9 (RLIN) | 61 |
| 710 ## - ENTRADA AGREGADA--NOMBRE DE ENTIDAD CORPORATIVA | |
| Nombre de entidad corporativa o nombre de jurisdicción como elemento de entrada | CCOO |
| Unidad subordinada | CONC |
| -- | Unió Comarcal de les Terres de Lleida |
| Término indicativo de función/relación | ed. |
| 9 (RLIN) | 20348 |
| 856 ## - LOCALIZACIÓN Y ACCESO ELECTRÓNICOS | |
| Nota pública | |
| Identificador Uniforme de Recursos | <a href="http://docpublicos.ccoo.es/cendoc/052386ReivindicacionIgualdad1Mayo.pdf">http://docpublicos.ccoo.es/cendoc/052386ReivindicacionIgualdad1Mayo.pdf</a> |
| 901 ## - ELEMENTOS DE DATOS A LOCAL LDA (RLIN) | |
| a | 0 |
| 903 ## - ELEMENTOS DE DATOS C LOCAL, LDC (RLIN) | |
| a | NO |
| 904 ## - ELEMENTOS DE DATOS D LOCAL, LDD (RLIN) | |
| a | 000 |
| 907 ## - ELEMENTOS DE DATOS G LOCAL, LDG (RLIN) | |
| a | Primero de Mayo |
| 910 ## - DATOS DE OPCIÓN DEL USUARIO (OCLC) | |
| Datos de opción del usuario | 2018 |
| 942 ## - ELEMENTOS DE ENTRADA SECUNDARIOS (KOHA) | |
| Tipo de ítem Koha | Documento Electrónico |
| Fuente del sistema de clasificación o colocación | Clasificación Decimal Dewey |
| Estatus retirado | Estado de pérdida | Estado de daño | No para préstamo | Biblioteca de origen | Biblioteca actual | Fecha de adquisición | Enumeración/cronología de publicación seriada | Total de préstamos | Código de barras | Visto por última vez | Copia número | Precio de reemplazo | Tipo de ítem Koha |
|---|---|---|---|---|---|---|---|---|---|---|---|---|---|
| CENDO | CENDO | 11/06/2018 | Lo Sindicat, n. 139 (mayo 2018), p. 4 | CENDO_42117 | 05/10/2022 | PS77 | 05/10/2022 | Documento Electrónico |